Statistics for Flags of Islands

Click here to take the quiz!

General Stats

  • This quiz has been taken 1,904 times
  • The average score is 9 of 15

Answer Stats

Island% Correct
Australia
97%
Cuba
92%
Iceland
88%
Taiwan
85%
Cape Verde
79%
Puerto Rico
79%
Macau
61%
Hawaii
56%
Aruba
52%
Cook Islands
52%
Bermuda
47%
Greenland
43%
Martinique
38%
Sicily
38%
Sardinia
32%

Score Distribution

Percentile by Number Answered

Percent of People with Each Score

Your Score History

You have not taken this quiz